| 000 | 08004nam a22006497a 4500 | ||
|---|---|---|---|
| 005 | 20100107120343.0 | ||
| 008 | 090528t xxu||||| |||| 00| 0 hin d | ||
| 010 | _aHIN-86628 | ||
| 020 |
_a9788179320006 _c400.00 |
||
| 035 | _aHN-58974 | ||
| 035 | _aB-355403-432 | ||
| 037 | _bDBAD / VEN साहित्य चन्द्रिका प्रकाशन | ||
| 040 |
_adpl _bhn |
||
| 082 | _a796.1 | ||
| 100 | _aसागर, अरूण | ||
| 245 |
_aविभिन्न खेल और उनके नियम / _cअरूण सागर |
||
| 246 |
_bby Arun Sagar _aVibhinna khela aura unke niyama |
||
| 260 |
_aदिल्ली _bराजा पॉकेट बुक्स _c2009 |
||
| 270 | _bदिल्ली | ||
| 300 |
_a284पृ. _c22सेमी (सजिल्द) _bसचित्र |
||
| 650 | _aखेल | ||
| 650 | _aSports | ||
| 366 | _bसाहित्य चन्द्रिका प्रकाशन, 24,न्यू पिंकसिटी मार्केट, सिद्धेश्वर मन्दिर के पीछे, पंचवटी, राजापार्क, जयपुर | ||
| 942 |
_2ddc _cHN _h796.1 _mसागर |
||
| 999 |
_c26880 _d26880 |
||